MDQL
is popping MORE tags! Check the
thread
!
Quizzes
Events
Quiz Creation
Community
Videos
Private Events
Remove Ads
Sign In
Join for FREE
Feedback
Dark Mode
Quiz Categories
Sports
Geography
Music
Movies
Television
Just For Fun
Miscellaneous
History
Literature
Language
Science
Gaming
Entertainment
Religion
Holiday
For Kids
Quiz Lab
Recent
Popular Today
Quiz Kudos Today
Editor Picks
Curator Picks
Quizzes by...
Day
Popularity
Type
Ratings
Length
Year
Community
Subscriptions
Recent Discussions
Orange Saloon
Badges
Playlists
Quests
Create
Leaderboards
Showdown
Live 5
Trivia Bingo
Activity
Puzzle Library
Sporcle Events
Private Events
Virtual Trivia
Globe League
Become a Host
Pub Owners
SporcleCon
Opinionation
Our Games
Videos
Blog
Mobile Apps
Partnerships
Remove Ads and Go Orange
Feedback
Language
Vocabulary
Begins and Ends
Definition
Spanish
French
German
Italian
Chinese
Latin
Translation
Japanese
Language
Vocabulary
Begins and Ends
Definition
Spanish
French
German
Italian
Chinese
Latin
Translation
Japanese
Random Quiz
Search Sporcle
×
Quiz Lab
Quiz Lab
Language
Baby Names
Select answers by clicking on text or image buttons
Select answers by clicking on text or image buttons
Clickable
Best Score? Go Orange.
Dutch-English Name Dictionary Stats
Can you pick the Dutch form or cognate of the name given?
By
nightfloat
10m
40 Questions
2,312 Plays
2,312 Plays
2,312 Plays
Comments
Comments
Give Quiz Kudos
Give Quiz Kudos
-
- Ratings
hide this ad
Forced Order
Answers have to be entered in order
Answers have to be entered in order
Replay
Link that replays current quiz
Next Quiz
Link to next quiz in quiz playlist
You Got
0%
They Got
Avg Score
92%
Avg Friend Score
Upgrade to see
Score Distribution
Jump to the score distribution portion of the page
Score
0/40
Timer
10:00
1
Play Today
% Correct
Boudewijn
96.2%
Luuk
96.2%
Siemen
96.1%
Sabien
96%
Willem
96%
Ernst
95.9%
Jozua
95.9%
Hendrik
95.8%
Wouter
95.8%
Hubrecht
95.8%
Ignaas
95.8%
Arnoud
95.7%
Robrecht
95.6%
Geertruida
95.6%
Gillis
95.5%
Pauwel
95.5%
Katrien
95.3%
Maurits
95.2%
Gerolt
95.2%
Reinout
95.2%
% Correct
Jeroen
95.2%
Floor
95%
Andries
94.7%
Filippus
94.6%
Margriet
94.6%
Koenraad
94.5%
Rutger
94%
Roelof
93.7%
Marjan
93.2%
Hadewych
93.1%
Lijsbeth
93%
Laurens
92.6%
Luus
92%
Elbert
91.6%
Machteld
91.1%
Maartje
90.7%
Myrthe
90.7%
Arjan
82.9%
Jurgen
80.7%
Lodewijk
56.2%
Quiz Playlist
Details
Report
Send in Message
Add To Playlist
Clickable:
Select answers by clicking on text or image buttons
Forced Order:
Answers have to be entered in order
Quiz Source
Last Updated: Jun 28, 2017
Quiz Scoreboard
CHALLENGE
Sign Up to Join the Scoreboard
Show All
Scores
Hide
Comments
May contain spoilers
Recently Published
Holiday 10x10 Sorting Gallery
by lukepisani3
Holiday
15m
Two Season TV Shows II
by 123Four
Television
10m
Image Sorting: Flags VI
by Barbecue
Geography
2m
More to Explore
Quiz From the Vault
Featured Blog Post
14 Easter Pick-up Lines to Find Eggs With
hide this ad
You Might Also Like...
Tags
Baby Names Quiz
dutch
Etymology
First Names
name
Today's Top Quizzes in Language
Browse Language
hide this ad
Today's Top Quizzes in Baby Names
Browse Baby Names
Top Contributed Quizzes in Language
1
What Word Starts All?
2
1-10 Letter F Words III
3
Weisst du, aus welchen Sprachen diese Wörter stammen?
4
1-10 Letter G Words III
5
1-10 Letter H Words III
6
Harry Potter book 6 chapters: English & Greek
7
Arabic Numerals
8
1-10 Letter I Words III
9
One Thing in Common: Italy
10
Celtic Nations in their Language
Explore More
Trending Topics
Crossword
Anime
Disney
Kpop
Marvel
NBA
Harry Potter
Country
Song
Puzzle
Soccer
NFL
WWE
The Office
Pokémon
hide this ad
More By:
nightfloat
Quiz
Plays
Rating
Category
Featured
Created
Flower and Jewelry Names for Ladies
118,271
4.49
Miscellaneous
Aug 21, 2011
French-English Name Dictionary
82,689
3.93
Language
Sep 14, 2012
Irish-English Name Dictionary
81,476
4.60
Language
Sep 16, 2012
Spanish-English Name Dictionary
80,055
4.35
Language
Sep 12, 2012
Lyn Names for Ladies
78,151
4.21
Miscellaneous
Aug 18, 2011
Go to Creator's Profile
Score Distribution
Quiz Creator Spotlight
nightfloat
Follow
Send a Message
Quizzes Created
-
Created Quiz Play Count
-
More By This Creator
Popular Quizzes Today
1
Find the US States - No Outlines Minefield
2
Colored Red Africa Blitz
3
Find the 'City' Movie
4
The Countries of the World
5
Find the US States
6
5x2 Blitz: Bands
7
Find the Countries of Europe - No Outlines Minefield
8
US States
More Language Quizzes
Languages and Dialects of Finland
Quiz Lab
Trending Quizzes
Colored Red Europe Blitz I
Colored Red Europe Blitz II
Colored Red Africa Blitz II
Colored Red Europe Blitz III
Colored Red Africa Blitz III
Recently Updated
Odd Team Out - Big 4 Players
pecheneg
Quick Pick: 20 Twenties
pecheneg
March Madness Men's Triple Doubles
pecheneg
How Do You Spell That?
pecheneg
Godzilla Movies
pecheneg
Grab Bag: 4-10 Letters
pecheneg
2024 March Madness Bracket
pecheneg
Famous TV Couples
Peacemaker
Champions League XIs: Real Madrid
pecheneg
Largest US Cities 1790-2010
pecheneg
Trending Topics
Kpop
Anime
Harry Potter
Marvel
Crossword
Disney
NBA
Country
NFL
The Office
Song
WWE
Pokémon
Soccer
Puzzle
Your Account Isn't Verified!
In order to create a playlist on Sporcle, you need to verify the email address you used during registration. Go to your
Sporcle Settings
to finish the process.
Report this User
Report this user for behavior that violates our
Community Guidelines
.
Details:
Send Report
Go to the Sporcle.com Mobile Site →
Comments